1238 1560 1274 1660 1274 1118 1090 1091 1933 1740 1815 1210 1454 1503 1615 1644 1393 1851 1681 1475 1260 1974 1271 1781 1375 1369 1403 1651 1945 1572 1216 1412 1420 1276 1774 1055 1345 1385 1093 1820 1686 1657 1768 1946 1462 1271 1734 1287 1947 1254 1314 1755 1338 1276 1305 1900 1285 1079 1865 1765 1544 1004 1719 1432 1855 1386 1996 1828 1282 1766 1200 1578 1222 1537 1684 1414 1337 1505 1712 1722 1623 1735 1250 1954 1667 1119 1385 1351 1355 1695 1191 1267 1529 1585 1709 1807 1415 1951 1104 BCNSPRNW ULIB Ver.6.0+V

เปลี่ยนเป็นภาษาไทย

Change to English
 แสดงรายละเอียดบรรณานุกรม
  กลับหน้าหลัก

Brief Record : Get Marc (ISO 2709) : E-mail record : QR code < ปิดหน้าต่าง
LEADER : 00000nam 2200000uu 4500
001    13399111867
003     ULIB
008    110711s2553||||th 000 0 tha d
020    9786165070119
060 04 WG340^bพ796ร 2553
100 0  พีระ บูรณะกิจเจริญ
245 10 โรคความดันโลหิตสูงปฐมภูมิ =^bEssential hypertension /^cพีระ บูรณะกิจเจริญ
246 31 Essential hypertension
250    พิมพ์ครั้งที่ 1
260    กรุงเทพฯ :^bหมอชาวบ้าน,^c2553
300    305 หน้า :^bภาพประกอบ ;^c27 ซม.
650  7 ความดันเลือดสูง
653    ผลงานอาจารย์คณะแพทยศาสตร์ศิริราชพยาบาล
945    ^p500^l0^i18342
945    ^p500^l0^i18343
945    ^p500^l0^i18344
945    ^p500^l0^i18423
945    ^p500^l0^i18424
995    กัณชพร
999    ^aใช้งานได้ทุกระบบ
รายการนี้ยังไม่มีแท็ก
คุณยังไม่ได้ล็อกอิน คุณสามารถมีกิจกรรมร่วมกับเว็บไซต์ได้ แต่ต้องล็อกอินก่อน ::
  ล็อกอิน

รายการสื่อสารสนเทศ

ลำดับที่ ประเภท เลขเรียก/บาร์โค้ด สถานที่ สถานะ
1. วิทยาศาสตร์การแพทย์ และสุขภาพ
วิทยาศาสตร์การแพทย์ และสุขภาพ
สถานะ=หนังสือเก่า
WG340 พ796ร 2553  
  Barcode: 18342
ห้องสมุดวิทยาเขตนครสวรรค์
►ส่วนจัดเก็บหนังสือเก่า นว.
บนชั้น
  ขอยืม
2. วิทยาศาสตร์การแพทย์ และสุขภาพ
วิทยาศาสตร์การแพทย์ และสุขภาพ
สถานะ=หนังสือเก่า
WG340 พ796ร 2553 ฉ.2 
  Barcode: 18343
ห้องสมุดวิทยาเขตนครสวรรค์
►ส่วนจัดเก็บหนังสือเก่า นว.
บนชั้น
  ขอยืม
3. วิทยาศาสตร์การแพทย์ และสุขภาพ
วิทยาศาสตร์การแพทย์ และสุขภาพ
สถานะ=หนังสือเก่า
WG340 พ796ร 2553 ฉ.3 
  Barcode: 18344
ห้องสมุดวิทยาเขตนครสวรรค์
►ส่วนจัดเก็บหนังสือเก่า นว.
บนชั้น
  ขอยืม
4. วิทยาศาสตร์การแพทย์ และสุขภาพ
วิทยาศาสตร์การแพทย์ และสุขภาพ
สถานะ=หนังสือเก่า
WG340 พ796ร 2553 ฉ.4 
  Barcode: 18423
ห้องสมุดวิทยาเขตนครสวรรค์
►ส่วนจัดเก็บหนังสือเก่า นว.
บนชั้น
  ขอยืม
5. วิทยาศาสตร์การแพทย์ และสุขภาพ
วิทยาศาสตร์การแพทย์ และสุขภาพ
สถานะ=หนังสือเก่า
WG340 พ796ร 2553 ฉ.5 
  Barcode: 18424
ห้องสมุดวิทยาเขตนครสวรรค์
►ส่วนจัดเก็บหนังสือเก่า นว.
บนชั้น
  ขอยืม

รายการใกล้เคียง
    ผู้แต่ง [พีระ บูรณะกิจเจริญ]

    หัวเรื่อง [ความดันเลือดสูง]

BibComment


ยังไม่เคยถูกคอมเมนท์

คอมเมนท์ทรัพยากรรายการนี้
  คอมเมนท์: โรคความดันโลหิตสู..


 Copyright 2026. Bcnsprnw @Library